[Event "IIX Sud. Sub 20-2013_Absoluto"]
[Site "Asuncion"]
[Date "2013.05.21"]
[Round "6.8"]
[White "Heinechen, John"]
[Black "Aguero Centurio, Abel Alejandr"]
[Result "1-0"]
[WhiteElo "1838"]
[BlackElo "1652"]
[PlyCount "79"]
[EventDate "2013.05.17"]
[EventType "swiss"]
[EventCountry "PAR"]
[SourceDate "2005.09.12"]

1. e4 d5 2. exd5 Qxd5 3. Nc3 Qa5 4. d4 c6 5. Nf3 Nf6 6. Ne5 Be6 7. Bd2 Qb6 8.
Nf3 g6 9. Bd3 Nbd7 10. Qe2 Bg7 11. O-O-O O-O-O 12. Ng5 Nf8 13. Rhe1 h6 14. Nf3
Nd5 15. Na4 Qc7 16. Ne5 Bxe5 17. dxe5 Nd7 18. c4 N5b6 19. Ba5 Qb8 20. b3 Rde8
21. Bxb6 axb6 22. f4 Qc7 23. g4 b5 24. Nb2 bxc4 25. bxc4 Nc5 26. f5 Nxd3+ 27.
Qxd3 gxf5 28. gxf5 Rd8 29. Qc2 Bd7 30. e6 fxe6 31. fxe6 Be8 32. Rxd8+ Kxd8 33.
Nd3 Qa5 34. Rd1 Kc7 35. Qb2 Qg5+ 36. Kb1 Bg6 37. Qxh8 Bxd3+ 38. Rxd3 Qg1+ 39.
Kc2 Qg2+ 40. Kc3 1-0

[Event "IIX Sud. Sub 20-2013_Absoluto"]
[Site "Asuncion"]
[Date "2013.05.21"]
[Round "6.9"]
[White "Zarate, Fernandoh"]
[Black "De Picciotto, Lucas"]
[Result "1-0"]
[WhiteElo "1813"]
[BlackElo "1782"]
[PlyCount "71"]
[EventDate "2013.05.17"]
[EventType "swiss"]
[EventCountry "PAR"]
[SourceDate "2005.09.12"]

1. d4 Nf6 2. c4 c6 3. Nc3 d5 4. Nf3 g6 5. cxd5 cxd5 6. Bg5 Bg7 7. e3 a6 8. a4
Qa5 9. Qd2 Nc6 10. Be2 O-O 11. O-O h6 12. Bh4 g5 13. Bg3 Nh5 14. Ne1 Nxg3 15.
hxg3 e5 16. dxe5 Bxe5 17. f4 d4 18. exd4 Bxd4+ 19. Kh1 g4 20. f5 Bxf5 21. Qxh6
Bg7 22. Qh4 Bxc3 23. bxc3 Qxc3 24. Bxg4 Bg6 25. Nf3 Qh8 26. Rac1 Qxh4+ 27. gxh4
Kg7 28. Rc5 f6 29. h5 Rh8 30. Kg1 Be4 31. Nh4 f5 32. Bxf5 Bxf5 33. Rcxf5 Rhf8
34. h6+ Kg8 35. h7+ Kg7 36. Rxf8 1-0

[Event "IIX Sud. Sub 20-2013_Absoluto"]
[Site "Asuncion"]
[Date "2013.05.21"]
[Round "7.1"]
[White "Vazquez, Guillermo"]
[Black "Iermito, Sebastian"]
[Result "0-1"]
[WhiteElo "2353"]
[BlackElo "2464"]
[PlyCount "136"]
[EventDate "2013.05.17"]
[EventType "swiss"]
[EventCountry "PAR"]
[SourceDate "2005.09.12"]

1. e4 c5 2. Nf3 e6 3. Nc3 d6 4. g3 Nf6 5. Bg2 Be7 6. O-O Nc6 7. d4 cxd4 8. Nxd4
O-O 9. a4 Bd7 10. Nxc6 Bxc6 11. a5 Qc7 12. Qe2 Rfb8 13. g4 b5 14. axb6 Rxb6 15.
Rd1 Re8 16. b3 Nd7 17. Be3 Nc5 18. Na4 Nxa4 19. Rxa4 Bxa4 20. Bxb6 Qxb6 21.
bxa4 Rc8 22. h3 Qc6 23. a5 Qxc2 24. Bf1 Qc5 25. a6 Bd8 26. Qb5 Bb6 27. Qxc5
Bxc5 28. Rb1 Bb6 29. Rb2 g5 30. Rd2 Rc6 31. Kg2 Kg7 32. Bb5 Rc5 33. Be2 Rc6 34.
Bb5 Rc3 35. Be2 Bc5 36. Rb2 Kf6 37. Rb7 h6 38. Rd7 Rc2 39. Kf3 Rd2 40. Rc7 Bb6
41. Rd7 Rd4 42. Bb5 Bc5 43. Rc7 Ke5 44. Rxf7 Rxe4 45. Kg3 d5 46. Kg2 Rb4 47.
Be2 Rb2 48. Kf1 Rb1+ 49. Kg2 Rb2 50. Kf1 Ke4 51. Rc7 Rc2 52. Rc6 e5 53. Rf6 d4
54. Rf3 Rc1+ 55. Kg2 Re1 56. Bd3+ Kd5 57. Rf5 Rd1 58. Be2 Rd2 59. Bf3+ Kc4 60.
Rxe5 d3 61. Bd5+ Kc3 62. Rf5 Re2 63. Bc6 Bd4 64. Bb5 Rb2 65. Ba4 Rb4 66. Bd1
Rb1 67. Ba4 d2 68. Rf3+ Kc4 0-1

[Event "IIX Sud. Sub 20-2013_Absoluto"]
[Site "Asuncion"]
[Date "2013.05.21"]
[Round "7.2"]
[White "Ruiz C, Joshua D"]
[Black "Caceres Recalde, Fernando"]
[Result "1-0"]
[WhiteElo "2370"]
[BlackElo "2204"]
[PlyCount "89"]
[EventDate "2013.05.17"]
[EventType "swiss"]
[EventCountry "PAR"]
[SourceDate "2005.09.12"]

1. e4 c5 2. Nf3 d6 3. d4 cxd4 4. Nxd4 Nf6 5. Nc3 a6 6. Bg5 Nbd7 7. Bc4 Qa5 8.
Qd2 e6 9. O-O-O b5 10. Bd5 b4 11. Bxa8 bxc3 12. Qe3 Ng4 13. Qg3 Qxg5+ 14. f4
Qh5 15. e5 dxe5 16. Qxc3 Bc5 17. Nb3 Be3+ 18. Kb1 O-O 19. Bf3 Bd4 20. Nxd4 exd4
21. Rxd4 Qf5 22. h3 Ngf6 23. g4 Qb5 24. Rhd1 Nb6 25. Rd8 Nfd5 26. Rxf8+ Kxf8
27. Bxd5 exd5 28. a4 Qc4 29. Qa3+ Kg8 30. Qd6 Nd7 31. b3 Qc5 32. Qxc5 Nxc5 33.
Rxd5 Nd7 34. Rd6 Nf8 35. b4 f5 36. gxf5 Kf7 37. Rc6 Bxf5 38. Rxa6 Bxh3 39. b5
Ke7 40. a5 Nd7 41. c4 h5 42. Kb2 Be6 43. Kc3 h4 44. Ra8 Nf8 45. b6 1-0

[Event "IIX Sud. Sub 20-2013_Absoluto"]
[Site "Asuncion"]
[Date "2013.05.21"]
[Round "7.3"]
[White "Cuellar, Diego"]
[Black "Henriquez Villagra, Cristobal"]
[Result "1/2-1/2"]
[WhiteElo "2323"]
[BlackElo "2352"]
[PlyCount "99"]
[EventDate "2013.05.17"]
[EventType "swiss"]
[EventCountry "PAR"]
[SourceDate "2005.09.12"]

1. e4 c5 2. Nf3 d6 3. d4 cxd4 4. Nxd4 Nf6 5. Nc3 a6 6. h3 e5 7. Nde2 h5 8. Bg5
Be6 9. Bxf6 Qxf6 10. Nd5 Qd8 11. Nec3 Nc6 12. Ne3 g6 13. Ncd5 Bh6 14. c3 O-O
15. Bc4 Kg7 16. O-O b5 17. Be2 Ne7 18. a4 Rb8 19. axb5 axb5 20. Qd3 Bxe3 21.
Nxe3 b4 22. Rfd1 Rb6 23. Ra6 bxc3 24. bxc3 Nc8 25. Qd2 Rxa6 26. Bxa6 Qb6 27.
Bc4 Bxc4 28. Nxc4 Qc6 29. Qd5 Qxd5 30. Rxd5 Re8 31. Nxd6 Nxd6 32. Rxd6 Rc8 33.
Rd3 Rc4 34. Re3 Ra4 35. g3 Kf6 36. h4 Ke6 37. Kf1 Ke7 38. Re2 Rc4 39. Re3 Ra4
40. f3 Ke6 41. Re2 f5 42. Kf2 Rc4 43. exf5+ gxf5 44. Rc2 f4 45. gxf4 Rxf4 46.
Kg3 Rc4 47. Rc1 Kf5 48. Rc2 Ke6 49. Rc1 Kf5 50. Rc2 1/2-1/2

[Event "IIX Sud. Sub 20-2013_Absoluto"]
[Site "Asuncion"]
[Date "2013.05.21"]
[Round "7.4"]
[White "Torres, Juan Camilo"]
[Black "Gotz, Klaus"]
[Result "1-0"]
[WhiteElo "2344"]
[BlackElo "2095"]
[PlyCount "143"]
[EventDate "2013.05.17"]
[EventType "swiss"]
[EventCountry "PAR"]
[SourceDate "2005.09.12"]

1. d4 Nf6 2. c4 g6 3. Nf3 Bg7 4. Nc3 O-O 5. g3 d6 6. Bg2 Nbd7 7. O-O e5 8. h3
Re8 9. e4 exd4 10. Nxd4 Nc5 11. Re1 c6 12. Bf4 Nh5 13. Be3 a5 14. b3 Qe7 15.
Qc2 Be6 16. Rad1 Nf6 17. f4 Rad8 18. Bf2 h5 19. Nf3 Qf8 20. Nh4 Bc8 21. Bxc5
dxc5 22. e5 Nh7 23. Ne4 Rxd1 24. Rxd1 Rd8 25. Nd6 Qe7 26. Nxc8 Rxc8 27. Qd2 Nf8
28. Qxa5 Ne6 29. Nf3 h4 30. Nxh4 Nxf4 31. gxf4 Qxh4 32. Qd2 Bh6 33. Qd7 Rf8 34.
e6 fxe6 35. Qxe6+ Kh8 36. Qe5+ Bg7 37. Qg5 Bd4+ 38. Kh1 Qxf4 39. Qxg6 Be5 40.
Qh5+ Kg8 41. Qg4+ Qxg4 42. hxg4 Bd4 43. Rd3 Kg7 44. Bf3 Kf6 45. Kg2 Kg5 46. Rd2
Re8 47. Re2 Rxe2+ 48. Bxe2 Kf4 49. Bf3 Be3 50. a4 Bd4 51. Bd1 Ke3 52. Bc2 Kf4
53. Bf5 Bc3 54. Kh3 Kg5 55. Bc8 b6 56. Bd7 Be5 57. Bxc6 Bc7 58. Bd7 Bd6 59. Kg2
Kf4 60. Kf2 Bc7 61. Ke2 Bd8 62. Kd3 Be7 63. Bf5 Bd8 64. b4 cxb4 65. c5 bxc5 66.
Kc4 Bb6 67. Kb5 Ba7 68. Be6 b3 69. Bxb3 Kxg4 70. Bc4 Bb8 71. Kb6 Bf4 72. a5 1-0

[Event "IIX Sud. Sub 20-2013_Absoluto"]
[Site "Asuncion"]
[Date "2013.05.21"]
[Round "7.5"]
[White "Zavarce, Oscar Enrique"]
[Black "Latorre, Matias"]
[Result "1-0"]
[WhiteElo "2200"]
[BlackElo "2254"]
[PlyCount "71"]
[EventDate "2013.05.17"]
[EventType "swiss"]
[EventCountry "PAR"]
[SourceDate "2005.09.12"]

1. e4 c5 2. Nf3 d6 3. d4 cxd4 4. Nxd4 Nf6 5. Nc3 a6 6. Be3 e5 7. Nb3 Be6 8. h3
Be7 9. Qf3 O-O 10. g4 d5 11. Nxd5 Bxd5 12. exd5 Qxd5 13. Qxd5 Nxd5 14. Bc5 Bxc5
15. Nxc5 Ra7 16. O-O-O Nf4 17. Nd7 Nxd7 18. Rxd7 Rc8 19. b3 Kf8 20. Bc4 Ke8 21.
Rhd1 Rxc4 22. bxc4 Ne2+ 23. Kb2 Nd4 24. Rc7 Ne6 25. Rc8+ Ke7 26. c5 a5 27. a4
Ra6 28. h4 h6 29. Rd5 f6 30. h5 Rc6 31. Rxc6 bxc6 32. Rd6 Nd8 33. Kc3 Ke8 34.
Kd3 Ke7 35. c3 Ke8 36. Ke4 1-0

[Event "IIX Sud. Sub 20-2013_Absoluto"]
[Site "Asuncion"]
[Date "2013.05.21"]
[Round "7.6"]
[White "Apuril, Jose"]
[Black "Heinechen, John"]
[Result "1-0"]
[WhiteElo "1961"]
[BlackElo "1838"]
[PlyCount "75"]
[EventDate "2013.05.17"]
[EventType "swiss"]
[EventCountry "PAR"]
[SourceDate "2005.09.12"]

1. Nf3 g6 2. d4 Bg7 3. g3 d6 4. Bg2 Nf6 5. O-O O-O 6. Re1 Nbd7 7. e4 e5 8. c3
Qe7 9. Nbd2 Re8 10. Nc4 Nb6 11. Na5 c6 12. b3 Qc7 13. Qc2 h6 14. b4 Be6 15. Bb2
Nc4 16. Nxc4 Bxc4 17. Nd2 Be6 18. dxe5 dxe5 19. c4 Rad8 20. Nf1 Rd7 21. Rad1
Red8 22. Ne3 Ng4 23. Rxd7 Rxd7 24. Nf1 Bf8 25. a3 a5 26. c5 b6 27. cxb6 Qxb6
28. h3 Nf6 29. Bxe5 Nh5 30. Rb1 axb4 31. axb4 Bxb4 32. g4 f6 33. Bc3 c5 34.
gxh5 gxh5 35. Ne3 Rg7 36. Bxf6 Rg6 37. e5 Bxh3 38. Qxg6+ 1-0

[Event "IIX Sud. Sub 20-2013_Absoluto"]
[Site "Asuncion"]
[Date "2013.05.21"]
[Round "7.7"]
[White "Zarate, Fernandoh"]
[Black "Quenallata, Luciano"]
[Result "1-0"]
[WhiteElo "1813"]
[BlackElo "2194"]
[PlyCount "107"]
[EventDate "2013.05.17"]
[EventType "swiss"]
[EventCountry "PAR"]
[SourceDate "2005.09.12"]

1. d4 Nf6 2. c4 g6 3. Nc3 Bg7 4. e4 d6 5. f3 O-O 6. Bg5 c5 7. d5 a6 8. a4 e6 9.
Nge2 exd5 10. cxd5 Qa5 11. Ng3 Re8 12. Be2 Nbd7 13. O-O Rb8 14. Qd2 b6 15. Qf4
Qb4 16. Rab1 c4 17. Qh4 Qc5+ 18. Kh1 b5 19. Rbc1 b4 20. Nd1 c3 21. bxc3 b3 22.
Nb2 h5 23. Bc4 Nh7 24. Ne2 Ne5 25. Bd3 Qa3 26. Rb1 Nxd3 27. Nxd3 Qxa4 28. Bf4
Rb6 29. Be3 Rb7 30. Bf4 Qc4 31. Rfd1 Bf8 32. Bc1 a5 33. Ba3 Be7 34. Qg3 h4 35.
Qf2 h3 36. g4 Ng5 37. Nb2 Qa6 38. Rd4 Bd7 39. f4 Nh7 40. g5 Bf8 41. Ng3 Bg7 42.
Rd3 Bb5 43. Re3 Rbe7 44. Rbe1 f6 45. f5 Nxg5 46. fxg6 Bc4 47. Nf5 Rxe4 48. Rxe4
Rxe4 49. Rxe4 Bxd5 50. Ne7+ Kf8 51. Nxd5 Nxe4 52. Qf5 Bh8 53. c4 Nd2 54. Qd7
1-0

[Event "IIX Sud. Sub 20-2013_Absoluto"]
[Site "Asuncion"]
[Date "2013.05.21"]
[Round "7.8"]
[White "Heinechen, Juan"]
[Black "Mendoza, Rodrigo"]
[Result "1/2-1/2"]
[WhiteElo "1596"]
[BlackElo "2148"]
[PlyCount "95"]
[EventDate "2013.05.17"]
[EventType "swiss"]
[EventCountry "PAR"]
[SourceDate "2005.09.12"]

1. e4 c6 2. d4 d5 3. e5 Bf5 4. Nf3 e6 5. Be2 Nd7 6. Nc3 Ne7 7. O-O a6 8. Be3 c5
9. h3 Nc6 10. Qd2 cxd4 11. Nxd4 Nxd4 12. Bxd4 Bc5 13. Kh1 Bxd4 14. Qxd4 Bxc2
15. Rac1 Bg6 16. f4 O-O 17. Nxd5 exd5 18. f5 Nxe5 19. Qxe5 Re8 20. Qf4 Rxe2 21.
fxg6 f6 22. gxh7+ Kh8 23. Rc7 Re7 24. Rfc1 b5 25. Rxe7 Qxe7 26. Rc7 Qe1+ 27.
Kh2 Re8 28. Rc6 Re6 29. Rc8+ Kxh7 30. Qf5+ g6 31. Qxd5 Qe3 32. Rc3 Qf4+ 33. Rg3
Re7 34. a3 g5 35. Qd3+ Kg7 36. Qc3 Re2 37. b4 Kg6 38. Qb3 Re8 39. Qc2+ f5 40.
Qd3 Re7 41. Qc3 Kh6 42. Qc8 Qe5 43. Qf8+ Kg6 44. Qg8+ Rg7 45. Qb3 f4 46. Rf3
Qd6 47. Qc2+ Kh6 48. Qc3 1/2-1/2

[Event "IIX Sud. Sub 20-2013_Absoluto"]
[Site "Asuncion"]
[Date "2013.05.21"]
[Round "7.9"]
[White "De Picciotto, Lucas"]
[Black "Ibanez, Juan Rodrigo"]
[Result "1-0"]
[WhiteElo "1782"]
[BlackElo "2001"]
[PlyCount "69"]
[EventDate "2013.05.17"]
[EventType "swiss"]
[EventCountry "PAR"]
[SourceDate "2005.09.12"]

1. e4 e5 2. Nf3 d6 3. c3 Nf6 4. Qc2 Bg4 5. d3 Bxf3 6. gxf3 Nc6 7. Be3 Be7 8.
Nd2 Nh5 9. O-O-O O-O 10. d4 Bf6 11. d5 Ne7 12. Bh3 Ng6 13. Bf1 Nhf4 14. Bxf4
Nxf4 15. Nc4 g6 16. Ne3 Kh8 17. Bd3 Qe7 18. Rhg1 Rfc8 19. Kb1 Rcb8 20. Ng2 Nh3
21. Rgf1 Bg5 22. c4 a6 23. Qc3 b5 24. cxb5 axb5 25. Ne3 b4 26. Qc4 Ra5 27. Qb3
Rba8 28. Nc4 Rxa2 29. Na3 R2xa3 30. bxa3 Rxa3 31. Qc4 Qd8 32. Kb2 Qa8 33. Bb1
b3 34. Qb4 Bd2 35. Qxa3 1-0

[Event "IIX Sud. Sub 20-2013_Absoluto"]
[Site "Asuncion"]
[Date "2013.05.22"]
[Round "8.1"]
[White "Iermito, Sebastian"]
[Black "Torres, Juan Camilo"]
[Result "1-0"]
[WhiteElo "2464"]
[BlackElo "2344"]
[PlyCount "99"]
[EventDate "2013.05.17"]
[EventType "swiss"]
[EventCountry "PAR"]
[SourceDate "2005.09.12"]

1. e4 c5 2. Nf3 e6 3. d4 cxd4 4. Nxd4 a6 5. Bd3 Qc7 6. O-O Nf6 7. Qe2 d6 8. c4
g6 9. Nc3 Bg7 10. Nf3 O-O 11. Bf4 Nbd7 12. Rac1 Ng4 13. Rfd1 Nge5 14. b3 Nxf3+
15. Qxf3 Ne5 16. Qe2 b6 17. Bb1 Bb7 18. Be3 Rfd8 19. Bg5 f6 20. Be3 Rab8 21. f4
Nd7 22. Qd2 Bf8 23. f5 Re8 24. Rf1 Qd8 25. Bd4 Bc6 26. Ne2 gxf5 27. exf5 e5 28.
Be3 b5 29. Rfd1 b4 30. Ng3 Nc5 31. Qe2 Qe7 32. Bxc5 dxc5 33. Be4 Bxe4 34. Nxe4
Bh6 35. Rd7 Bxc1 36. Rxe7 Rxe7 37. Nxf6+ Kh8 38. Nd5 Ree8 39. Nc7 Bg5 40. Nxe8
Rxe8 41. Qe4 Kg7 42. h4 Bf6 43. Qc6 Re7 44. Qxc5 e4 45. Qe3 Bxh4 46. c5 h6 47.
Kf1 a5 48. c6 Bg5 49. Qd4+ Bf6 50. Qd6 1-0

[Event "IIX Sud. Sub 20-2013_Absoluto"]
[Site "Asuncion"]
[Date "2013.05.22"]
[Round "8.2"]
[White "Henriquez Villagra, Cristobal"]
[Black "Ruiz C, Joshua D"]
[Result "1/2-1/2"]
[WhiteElo "2352"]
[BlackElo "2370"]
[PlyCount "111"]
[EventDate "2013.05.17"]
[EventType "swiss"]
[EventCountry "PAR"]
[SourceDate "2005.09.12"]

1. e4 c5 2. Nf3 d6 3. d4 cxd4 4. Nxd4 Nf6 5. Nc3 a6 6. g3 e5 7. Nde2 Be7 8. a4
b6 9. Bg2 Bb7 10. h3 Nbd7 11. g4 h6 12. Ng3 g6 13. Be3 Rc8 14. O-O Nc5 15. f4
exf4 16. Bxf4 Qc7 17. Nd5 Bxd5 18. exd5 Ncd7 19. Qe2 Nxd5 20. Bxd5 Qc5+ 21. Rf2
Qxd5 22. Rd1 Qe6 23. Qxa6 O-O 24. Qe2 Ne5 25. Kg2 Kh7 26. b3 Rc3 27. Ne4 Rc6
28. c4 f5 29. Ng3 fxg4 30. hxg4 Qxg4 31. Bxe5 Qxe2 32. Rxe2 dxe5 33. Rxe5 Bf6
34. Rd7+ Kg8 35. Red5 Re8 36. R5d6 Re6 37. Rxc6 Rxc6 38. Ne4 Be5 39. Re7 Bg7
40. Kf3 Kh7 41. Rd7 g5 42. Rd6 Rxd6 43. Nxd6 Bf8 44. Nc8 Bc5 45. Nxb6 Bxb6 46.
b4 h5 47. c5 Bc7 48. a5 g4+ 49. Ke2 h4 50. a6 Bb8 51. c6 g3 52. Kf3 h3 53. a7
Bxa7 54. Kxg3 Bb6 55. Kxh3 Kg6 56. Kg4 1/2-1/2

[Event "IIX Sud. Sub 20-2013_Absoluto"]
[Site "Asuncion"]
[Date "2013.05.22"]
[Round "8.3"]
[White "Caceres Recalde, Fernando"]
[Black "Zavarce, Oscar Enrique"]
[Result "0-1"]
[WhiteElo "2204"]
[BlackElo "2200"]
[PlyCount "88"]
[EventDate "2013.05.17"]
[EventType "swiss"]
[EventCountry "PAR"]
[SourceDate "2005.09.12"]

1. e4 c5 2. Nf3 e6 3. d4 cxd4 4. Nxd4 Qb6 5. Nb3 Nc6 6. Bd3 Nf6 7. O-O a6 8.
Nc3 Qc7 9. f4 d6 10. a4 b6 11. Be3 Be7 12. Kh1 O-O 13. Qe2 Re8 14. Rad1 Bf8 15.
e5 dxe5 16. fxe5 Nd5 17. Be4 Nxe3 18. Qxe3 Bb7 19. Qf4 Rab8 20. Rde1 Red8 21.
Re3 g6 22. Nc1 f5 23. Bd3 Rd4 24. Qf2 Nb4 25. Nb3 Rd7 26. Nd2 Bc5 27. Nc4 Nxd3
28. cxd3 Rxd3 29. Qe2 Rxe3 30. Nxe3 Qxe5 31. Re1 Bd6 32. Nf1 Qxe2 33. Rxe2 Kf7
34. Ne3 Rc8 35. Rd2 Ke7 36. Re2 Kf6 37. h3 Bb4 38. Ned1 e5 39. Rd2 Ke6 40. Kg1
Bc6 41. Kf2 Bxa4 42. Ne3 Bxc3 43. bxc3 Rxc3 44. Nd5 Rc2 0-1

[Event "IIX Sud. Sub 20-2013_Absoluto"]
[Site "Asuncion"]
[Date "2013.05.22"]
[Round "8.4"]
[White "Cuellar, Diego"]
[Black "Vazquez, Guillermo"]
[Result "1-0"]
[WhiteElo "2323"]
[BlackElo "2353"]
[PlyCount "67"]
[EventDate "2013.05.17"]
[EventType "swiss"]
[EventCountry "PAR"]
[SourceDate "2005.09.12"]

1. e4 c5 2. Nc3 Nc6 3. f4 e6 4. Nf3 Nge7 5. d4 cxd4 6. Nxd4 Nxd4 7. Qxd4 Nc6 8.
Qd2 Bc5 9. b3 d5 10. Bb2 Qe7 11. O-O-O d4 12. Nb5 e5 13. fxe5 O-O 14. Nxd4 Bxd4
15. Bxd4 Bg4 16. Be2 Nxd4 17. Bxg4 Rfd8 18. Qc3 Qxe5 19. Kb1 Qxe4 20. Bf3 Nxf3
21. gxf3 Qf4 22. Qa5 Rxd1+ 23. Rxd1 g6 24. Qd5 Qxh2 25. Qxb7 Re8 26. Qxa7 Qe2
27. Qd7 h5 28. a4 Re6 29. Qc8+ Kg7 30. Qc3+ f6 31. Rd7+ Kh6 32. Kb2 h4 33. f4
Qg2 34. Qc8 1-0

[Event "IIX Sud. Sub 20-2013_Absoluto"]
[Site "Asuncion"]
[Date "2013.05.22"]
[Round "8.5"]
[White "Gotz, Klaus"]
[Black "Zarate, Fernandoh"]
[Result "0-1"]
[WhiteElo "2095"]
[BlackElo "1813"]
[PlyCount "116"]
[EventDate "2013.05.17"]
[EventType "swiss"]
[EventCountry "PAR"]
[SourceDate "2005.09.12"]

1. d4 d5 2. c4 e6 3. Nc3 Nf6 4. Bg5 c5 5. Nf3 Be7 6. cxd5 exd5 7. g3 O-O 8. Bg2
Nc6 9. O-O c4 10. Ne5 Be6 11. Nxc6 bxc6 12. b3 cxb3 13. axb3 h6 14. Bxf6 Bxf6
15. Na4 Qd6 16. Nc5 Rfb8 17. Qd2 Rb4 18. e3 Qe7 19. Ra6 Bd7 20. Qa2 Be8 21. Rc1
Qc7 22. Bf1 Rbb8 23. Ra1 Be7 24. Rc1 Bxc5 25. Rxc5 Rb7 26. Rca5 Qe7 27. Rc5 Qc7
28. Bd3 Rb6 29. Ra3 Rb7 30. h4 h5 31. Qc2 Qb6 32. Qe2 g6 33. Bc2 Bd7 34. Ra6
Qb4 35. Kg2 Re8 36. Ra4 Qb6 37. Qf3 Kg7 38. Qf4 Re6 39. Qg5 Rf6 40. f3 Bf5 41.
e4 dxe4 42. fxe4 Bg4 43. e5 Rf3 44. e6 Qc7 45. Re5 Rc3 46. Be4 Rbxb3 47. e7
Rxg3+ 48. Kf2 Bd7 49. Qf4 Rg4 50. Qc1 Rxe4 51. Rxa7 Qxa7 52. Rxe4 Qc7 53. Rf4
Be8 54. d5 Qe5 55. dxc6 Rb2+ 56. Kg3 Rb3+ 57. Kg2 Rb2+ 58. Kf3 Qe2+ 0-1

[Event "IIX Sud. Sub 20-2013_Absoluto"]
[Site "Asuncion"]
[Date "2013.05.22"]
[Round "8.6"]
[White "Latorre, Matias"]
[Black "Apuril, Jose"]
[Result "0-1"]
[WhiteElo "2254"]
[BlackElo "1961"]
[PlyCount "80"]
[EventDate "2013.05.17"]
[EventType "swiss"]
[EventCountry "PAR"]
[SourceDate "2005.09.12"]

1. e4 c5 2. Nf3 a6 3. c3 e6 4. d4 cxd4 5. cxd4 Nf6 6. Nc3 Bb4 7. Bd3 d6 8. O-O
Nbd7 9. Ne2 e5 10. a3 Ba5 11. Ng3 O-O 12. b4 Bc7 13. Bb2 Re8 14. Rc1 Nf8 15.
Qc2 Bb8 16. Rfd1 Qe7 17. Nh4 g6 18. Nf3 Bg4 19. Be2 h5 20. h3 Bxf3 21. Bxf3 Ne6
22. Qd2 Nf4 23. Nf1 d5 24. dxe5 Bxe5 25. exd5 Ne4 26. Bxe4 Bxb2 27. Qxb2 Qxe4
28. Ne3 Nd3 29. Rxd3 Qxd3 30. Rc7 Rac8 31. Rxb7 Rc3 32. d6 Rxe3 33. fxe3 Qxe3+
34. Kh1 Qe1+ 35. Kh2 Qe5+ 36. Kg1 Qd4+ 37. Kf1 Qd1+ 38. Kf2 Rc2+ 39. Qxc2 Qxc2+
40. Ke3 Qc3+ 0-1

[Event "IIX Sud. Sub 20-2013_Absoluto"]
[Site "Asuncion"]
[Date "2013.05.22"]
[Round "8.7"]
[White "Heinechen, John"]
[Black "Ibanez, Juan Rodrigo"]
[Result "1/2-1/2"]
[WhiteElo "1838"]
[BlackElo "2001"]
[PlyCount "115"]
[EventDate "2013.05.17"]
[EventType "swiss"]
[EventCountry "PAR"]
[SourceDate "2005.09.12"]

1. e4 e5 2. Nf3 d6 3. d4 exd4 4. Qxd4 Nf6 5. Bg5 Be7 6. Nc3 O-O 7. O-O-O Nc6 8.
Qd2 Be6 9. Bd3 Nb4 10. Rhe1 c5 11. a3 Nxd3+ 12. Qxd3 Qa5 13. Nd5 Bxd5 14. exd5
Bd8 15. Bd2 Qa4 16. Bc3 Ba5 17. Bxa5 Qxa5 18. Re7 b5 19. Nd2 c4 20. Qd4 c3 21.
Nb3 cxb2+ 22. Kxb2 Qa6 23. Rd3 Rfe8 24. Rde3 Kf8 25. Rc7 Rxe3 26. fxe3 Qb6 27.
Rc6 Qxd4+ 28. exd4 Nxd5 29. Rxd6 Ne3 30. Kc3 Nxg2 31. Rd5 a6 32. Nc5 Ne3 33.
Re5 Nc4 34. Nd7+ Kg8 35. Rc5 f6 36. a4 Nd6 37. Kd3 bxa4 38. Nb6 Rd8 39. Nxa4
Nb5 40. d5 h5 41. c4 Nd6 42. Rc6 Nf7 43. Ke2 Ne5 44. Rc7 Nxc4 45. Rxc4 Rxd5 46.
Nc3 Ra5 47. Kf3 Kh7 48. h4 Kh6 49. Rc6 Ra3 50. Kg2 a5 51. Rc4 a4 52. Rxa4 Rxc3
53. Ra5 Kg6 54. Rd5 Re3 55. Kg1 Rb3 56. Kh2 Re3 57. Kg2 Re4 58. Kg3 1/2-1/2

[Event "IIX Sud. Sub 20-2013_Absoluto"]
[Site "Asuncion"]
[Date "2013.05.22"]
[Round "8.9"]
[White "Quenallata, Luciano"]
[Black "De Picciotto, Lucas"]
[Result "1-0"]
[WhiteElo "2194"]
[BlackElo "1782"]
[PlyCount "59"]
[EventDate "2013.05.17"]
[EventType "swiss"]
[EventCountry "PAR"]
[SourceDate "2005.09.12"]

1. e4 e5 2. Nf3 d6 3. Bc4 Be7 4. c3 Nf6 5. O-O O-O 6. Re1 a6 7. a4 b6 8. d4
Nbd7 9. Nbd2 Bb7 10. Qc2 Re8 11. d5 Nf8 12. Nf1 Ng6 13. Ne3 Bc8 14. g3 Ng4 15.
Bf1 Nxe3 16. Bxe3 Bg4 17. Bg2 Bxf3 18. Bxf3 Bg5 19. b4 Bxe3 20. Rxe3 b5 21. c4
Qd7 22. Be2 bxc4 23. Qxc4 f5 24. exf5 Qxf5 25. Bg4 Qf7 26. Be6 Rxe6 27. dxe6
Qe7 28. Rc1 Ra7 29. Rf3 Nf8 30. Rf7 1-0

[Event "IIX Sud. Sub 20-2013_Absoluto"]
[Site "Asuncion"]
[Date "2013.05.22"]
[Round "8.10"]
[White "Aguero Centurio, Abel Alejandr"]
[Black "Heinechen, Juan"]
[Result "1/2-1/2"]
[WhiteElo "1652"]
[BlackElo "1596"]
[PlyCount "57"]
[EventDate "2013.05.17"]
[EventType "swiss"]
[EventCountry "PAR"]
[SourceDate "2005.09.12"]

1. d4 d5 2. Nf3 Nf6 3. Bf4 c6 4. e3 Bg4 5. Nbd2 a6 6. c3 e6 7. Bd3 Bxf3 8. Nxf3
Bd6 9. Qc2 h6 10. h4 Qc7 11. Ne5 Nbd7 12. Nxd7 Nxd7 13. Bxd6 Qxd6 14. f4 c5 15.
Qf2 b5 16. Qg3 g6 17. O-O c4 18. Bxg6 fxg6 19. Qxg6+ Kd8 20. f5 Kc7 21. fxe6
Rae8 22. e4 Rxe6 23. Qg7 Rhe8 24. e5 Qc6 25. Rf7 Rg6 26. Rxd7+ Kb6 27. Rb7+ Ka5
28. Rc7 Qe6 29. b4+ 1/2-1/2

[Event "IIX Sud. Sub 20-2013_Absoluto"]
[Site "Asuncion"]
[Date "2013.05.23"]
[Round "9.1"]
[White "Zavarce, Oscar Enrique"]
[Black "Iermito, Sebastian"]
[Result "1/2-1/2"]
[WhiteElo "2200"]
[BlackElo "2464"]
[PlyCount "49"]
[EventDate "2013.05.17"]
[EventType "swiss"]
[EventCountry "PAR"]
[SourceDate "2005.09.12"]

1. e4 c5 2. Nf3 e6 3. d4 cxd4 4. Nxd4 Nf6 5. Nc3 d6 6. Be3 Be7 7. Be2 Nc6 8.
O-O O-O 9. f4 e5 10. fxe5 dxe5 11. Nf5 Bxf5 12. Rxf5 g6 13. Rf1 Nd4 14. Kh1 Rc8
15. Bd3 Kg7 16. Bd2 h5 17. Rc1 h4 18. Be3 Qd7 19. Bg5 Nh5 20. Be3 Nf6 21. Be2
h3 22. g3 Rcd8 23. Bd3 Ng4 24. Qe1 Qc6 25. Bxd4 1/2-1/2

[Event "IIX Sud. Sub 20-2013_Absoluto"]
[Site "Asuncion"]
[Date "2013.05.23"]
[Round "9.2"]
[White "Ruiz C, Joshua D"]
[Black "Cuellar, Diego"]
[Result "1/2-1/2"]
[WhiteElo "2370"]
[BlackElo "2323"]
[PlyCount "128"]
[EventDate "2013.05.17"]
[EventType "swiss"]
[EventCountry "PAR"]
[SourceDate "2005.09.12"]

1. e4 e5 2. Nf3 Nc6 3. d4 exd4 4. Nxd4 Bc5 5. Nb3 Bb6 6. Nc3 d6 7. Qe2 Nge7 8.
Be3 O-O 9. O-O-O f5 10. f4 fxe4 11. g3 Qe8 12. Bxb6 axb6 13. Kb1 Qg6 14. Qxe4
Bf5 15. Qg2 Kh8 16. a3 Rad8 17. Bd3 Bxd3 18. Rxd3 Rxf4 19. Nb5 Rc8 20. N3d4
Nxd4 21. Nxd4 Re4 22. Rf1 Ng8 23. Nb5 Qe8 24. Nc3 Re7 25. Qxb7 Nf6 26. Nd5 Nxd5
27. Qxd5 Qg8 28. Qc6 Qe8 29. Rc3 Qg8 30. b3 Rd8 31. Qb7 Rb8 32. Qc6 Rd8 33. Rd1
d5 34. Rcd3 Rd6 35. Qb5 c5 36. a4 Re4 37. Rf3 h6 38. Rdf1 Qe6 39. a5 bxa5 40.
Qxa5 c4 41. Rd1 Kh7 42. b4 Re1 43. Rxe1 Qxe1+ 44. Kb2 Qe5+ 45. Kb1 Qe6 46. Rf1
Ra6 47. Qc7 Ra4 48. Qf4 Rxb4+ 49. Kc1 Ra4 50. Qf5+ Qxf5 51. Rxf5 c3 52. Kb1
Rb4+ 53. Kc1 Ra4 54. Kb1 d4 55. h4 Kg6 56. g4 Kh7 57. h5 Kg8 58. Rf4 g5 59. Rf6
Kg7 60. Rg6+ Kh7 61. Rc6 Kg7 62. Rg6+ Kh7 63. Rc6 Ra7 64. Rd6 Ra4 1/2-1/2